Formar niños lectores de textos. Ciclo II: 5-8 años de edad. Kinder-1°-2° año básico

में बचाया:
ग्रंथसूची विवरण
मुख्य लेखक: Jolibert, Josette (लेखक)
स्वरूप: पुस्तक
भाषा:स्पेनिश
प्रकाशित: Santiago Dolmen 1995
संस्करण:6a. ed
श्रृंखला:Colección Estudios
विषय:
टैग: टैग जोड़ें
कोई टैग नहीं, इस रिकॉर्ड को टैग करने वाले पहले व्यक्ति बनें!

MARC

LEADER 00000nam a2200000 a 4500
001 UCY5452
003 CL-VaPUC
008 950508e19950000CL |||||||||||||||||spa|d
020 |a 9562011398 
082 0 4 |a 372.41  |b JOL  |2 21 
100 0 |a Jolibert, Josette  |e author  |9 233 
245 1 0 |a Formar niños lectores de textos. Ciclo II: 5-8 años de edad. Kinder-1°-2° año básico 
250 |a 6a. ed 
300 |a 258 p 
942 |c BK 
945 |d 19950508 00:00:00  |a rbrito 
260 |a Santiago  |b Dolmen  |c 1995 
650 0 |a Enseñanza de la lectura  |9 308364 
650 7 |a HABITO DE LECTURA  |2 CL-VaPUC  |9 334231 
650 0 |a Promoción de la lectura   |9 334232 
650 7 |a LECTURA PARA NIÑOS  |2 CL-VaPUC  |9 334233 
650 7 |a LECTURA RAPIDA  |2 CL-VaPUC  |9 334234 
583 |a last modification  |c 20171005 02:08:28  |k Rodrigo Vera 
490 0 |a Colección Estudios 
999 |c 233111  |d 233109 
952 |0 0  |1 0  |4 0  |6 372_410000000000000_JOL_1995  |7 0  |8 R  |9 238299  |a BIBEDU  |b BIBEDU  |d 2019-11-18  |i 3082385  |o 372.41 JOL 1995  |p 3082385  |r 2023-01-13  |w 2019-11-18  |y BK_R  |k EPE 
952 |0 0  |1 0  |4 0  |6 372_410000000000000_JOL_1995  |7 0  |8 A  |9 238300  |a FDOPOS  |b FDOPOS  |d 2019-11-18  |i 3688585  |o 372.41 JOL 1995  |p 3688585  |r 2025-01-22  |w 2019-11-18  |y BK  |k MLA